00952nam a22002537a 450000100060000000300060000600500170001200800410002902000180007004000290008808200110011710000150012824500380014326000360018130000580021750500090027552001510028452100260043552100190046165000530048094200150053399900170054895201330056510062FISKH20260402152712.0260402b cb ||||| |||| 00| 0 eng d a9788183883160 aFISKHbengcFISKHdFISKH a306.85 aAnonymous  aMy pre-school book of my family / aChennai : bSpider Books,c[ }  a6 unnumbered pages : bcolor illustrations ; c25 cm  aaa  aA preschool picture book that introduces young children to family members and family relationships through simple text and colorful illustrations.8 a70 bLexile estimate 8 aaa bRaz-Plus  aFamilyvPicture bookxEarly learning yPreschool 2ddccBKn0 c10062d10062 00102ddc40708JUVFa002b002cTTP Dark Greend2026-04-02l0oANO 306.85 pFISBK07184r2026-04-02 15:27:09t1w2026-04-02yBK